Normal view
MARC view
Entry Personal Name
001 - CONTROL NUMBER
- control field: 27941
003 - CONTROL NUMBER IDENTIFIER
- control field: ARRUPE
005 - DATE AND TIME OF LATEST TRANSACTION
- control field: 20161206092509.0
008 - FIXED-LENGTH DATA ELEMENTS
- fixed length control field: 161206|| aca||aabn | a|a d
040 ## - CATALOGING SOURCE
- Original cataloging agency: ARRUPE
- Transcribing agency: ARRUPE
100 ## - HEADING--PERSONAL NAME
- Personal name: Price, Richard,
- Dates associated with a name: 1723-1791.
670 ## - SOURCE DATA FOUND
- Source citation: Work cat.: (ARRUPE)0: Price, Richard, 1723-1791., Observations on the importance of the American revolution and the means of making it a benefit to the world :